000 00769cam a2200277 4500
999 _c22320
_d22320
001 1700865
003 BDDh-ASL
005 20231015030121.0
008 731001s1967 enk b 000 0 eng
010 _a 67078669
015 _aB67-5669
040 _aDLC
_cDLC
_dDLC
_dBDDh-ASL
043 _aa-ii---
050 0 0 _aDS427
_b.M8
082 0 0 _a954.297
_bMUI
100 1 _aMujeeb, M.
_q(Mohammad),
_d1902-1985.
245 1 4 _aThe Indian Muslims /
_cby M. Mujeeb.
260 _aLondon :
_bAllen & Unwin,
_c1967.
300 _a590 p. :
_c22 1/2 cm.
504 _aBibliography: p. [563]-571.
590 _aIn English.
650 0 _aMuslims
_zIndia.
650 0 _aIslam
_zIndia
_xHistory.
906 _a7
_bcbc
_corignew
_du
_eopcn
_f19
_gy-gencatlg
942 _2ddc
_cBK